[Event "Wuerttemberg-ch U14 Girls"]
[Site "Friedrichshafen"]
[Date "2005.03.29"]
[Round "2"]
[White "Dorner, Marina"]
[Black "Kormendy, Flora"]
[Result "1-0"]
[WhiteElo "1057"]
[BlackElo "1062"]
[PlyCount "45"]
[EventDate "2005.03.29"]
[EventType "swiss"]
[EventRounds "7"]
[EventCountry "GER"]
[SourceTitle "EXT 2007"]
[Source "ChessBase"]
[SourceDate "2006.11.23"]
[SourceVersion "1"]
[SourceVersionDate "2006.11.23"]
[SourceQuality "1"]

1. e4 e5 2. f4 exf4 3. Nf3 Nf6 4. Nc3 Bc5 5. Bc4 0-0 6. d3 Nc6 7. Bxf4 Ng4 8. d4 Bb6 9. h3 Qf6 10. Bg5 Qd6 11. hxg4 Qg3+ 12. Kf1 Qxg4 13. Rh4 Qg3 14. Ne2 Qd6 15. c3 Qg6 16. Nf4 Qxe4 17. Nd5 Qe6 18. Nf6+ gxf6 19. Bxe6 fxg5 20. Nxg5 dxe6 21. Qh5 Re8 22. Qxf7+ Kh8 23. Qxh7# 1-0